The Highwaymen Lyrics - Statistics

General Stats
  • This quiz has been taken 19 times
  • The average score is 28 of 34
Answer Stats
Answer % Correct
And when I reach the other {side}
100%
But I am living {still}
100%
But I am still {alive}
100%
Perhaps I may become a {highwayman} again
100%
And {around}, and {around}, and {around}
93%
And {around}, and {around}, and {around}, and {around}...
93%
And I'll be back {again}
93%
I'll always be {around}
93%
I sailed a schooner around the Horn to {Mexico}
93%
I was a {highwayman}
93%
I was a {sailor}
93%
The bastards hung me in {spring} of '25
93%
Where and steel and water did {collide}
93%
With sword and {pistol} by my side
93%
Across a river {deep} and wide
87%
And {again}, and {again}...
87%
And {again}, and {again}, and {again}
87%
But I am still {around}
87%
I slipped and fell into the wet {concrete} below
87%
I was a {dam} builder
87%
Many a {young} maid lost her baubles to my trade
87%
Or I may simply be a single drop of {rain}
87%
Across the {Universe} divide
80%
But I will {remain}
80%
My a soldier shed his lifeblood on my {blade}
80%
And with the {sea} I did abide
73%
A place called a Boulder, on the wild {Colorado}
73%
I was born upon the {tide}
73%
Along the coach {roads} I did ride
60%
I {fly} a starship
60%
I'll find a place to rest my {spirit} if I can
60%
I went aloft and furled the main{sail} in a blow
53%
And when the yards {broke} off they said that I got killed
47%
They buried me in that {gray} tomb that knows no sound
47%
No matching quizzes found
Score Distribution
Percent of People with Each Score
Percentile by Number Answered
Your Score History
You have not taken this quiz